Verraten - vertrieben - vergessen
| Titel: | Verraten - vertrieben - vergessen : Werk und Schicksal nach 1933 verfolgter deutscher Hirnchirurgen / Ulrike Eisenberg, Hartmut Collmann, Daniel Dubinski |
|---|---|
| Verfasser: | ; ; |
| Ausgabe: | 1. Auflage |
| Veröffentlicht: | Berlin : Hentrich & Hentrich, 2017 |
| Umfang: | 415 Seiten : Illustrationen ; 25 cm |
| Format: | Buch |
| Sprache: | Deutsch |
| ISBN: | 9783955651428 ; 3955651428 |
| Hinweise zum Inhalt: |
Inhaltsverzeichnis
|
alg: 40366759 001A $06000:25-05-17 001B $01999:02-12-25 $t13:02:55.000 001D $00004:12-07-17 001U $0utf8 001X $00 002@ $0Aau 002C $aText $btxt $2rdacontent 002D $aohne Hilfsmittel zu benutzen $bn $2rdamedia 002E $aBand $bnc $2rdacarrier 003@ $0403667593 003O $0988252066 $aOCoLC 004A $A978-3-95565-142-8 $fFesteinband : ca. EUR 30.80 (AT), ca. EUR 29.90 (DE) 004A $03-95565-142-8 004K $09783955651428 006C $0934811873 $aOCoLC 006G $01080833412 006H $0TOCNEUA1721 $2DNB 006T $016,N02 006U $017,A23 $f20160105 007A $01080833412 $aDNB 009P $qapplication/pdf $A2 $3Inhaltsverzeichnis $uhttps://d-nb.info/1080833412/04 $mB:DE-101 010@ $ager 010E $erda 011@ $a2017 $n2017 013D $RBiograf $RLebenslauf $RBiografik $#Biography $#Biography as a literary form $#Biographies $#Biografie $#Biografía $#biographies $#Biographie $#Biographie $#Biographie $#Biographisches Nachschlagewerk $#Lebensbeschreibung $#Berühmte Persönlichkeit Biografie $#Biografisches Nachschlagewerk $74006804-3 $8Biografie [Tsz] $9085010375 013D $RVerzeichnis $RInformationsmittel $RKatalog $RLiteraturbericht $RNeuerwerbungsliste $RBibliograf $RBibliografin $#Bibliography, Critical $#Bibliography $#Bibliographie critique $#Bibliographie $#Bibliografia $#Bibliografía $#Bibliografías críticas $#bibliographies $#Bibliographie $#Bibliographie $#Literaturdokumentation $#Bibliographie $#Bibliographie der Bibliographien $#Bibliographie $#Abstract Formschlagwort $#Bücherverzeichnis $#Literaturdokumentation Formschlagwort $#Literaturverzeichnis $#Publikationen Formschlagwort $#Repertorium Bibliografie $#Werke Formschlagwort $#Bibliografien $#Bibliographien $74006432-3 $8Bibliografie [Tsz] $9085009210 021A $aVerraten - vertrieben - vergessen $dWerk und Schicksal nach 1933 verfolgter deutscher Hirnchirurgen $hUlrike Eisenberg, Hartmut Collmann, Daniel Dubinski 028A $BVerfasser $4aut $7131432265 $8Eisenberg, Ulrike$Z1965- [Tp3] $9176829563 028C $BVerfasser $4aut $71132277485 $8Collmann, Hartmut$Z1942- [Tp3] $9403192129 028C $BVerfasser $#Dubinski, D. $4aut $71104271605 $8Dubinski, Daniel$Z1985- [Tp3] $9381750949 032@ $a1. Auflage 033A $pBerlin $01065036175 $nHentrich & Hentrich 034D $a415 Seiten 034I $a25 cm 034M $aIllustrationen 039U $aRezensiert in $8--Oou--Stahnisch, Frank W.$Z1968- [Tp3]. [Ulrike Eisenberg, Hartmut Collmann, and Daniel Dubinski: Verraten – Vertrieben – Vergessen], 2018 $9508490421 044K $qDNB $RDeutsches Sprachgebiet $RDeutschland $RDeutschland $#Deutsche Länder $#Germany Deutschland $#Heiliges Römisches Reich $#Rheinbund $#Deutscher Bund $#Norddeutscher Bund $#Deutsches Reich $#Deutschland Gebiet unter Alliierter Besatzung $#Deutschland Bundesrepublik, 1990- $#BRD 1990- $#Federal Republic of Germany Deutschland $#Republic of Germany Deutschland $#Allemagne Deutschland $#Ǧumhūrīyat Almāniyā al-Ittiḥādīya $#Bundesrepublik Deutschland 1990- $#BRD $#Niemcy $#République Fédérale d'Allemagne Deutschland $#Repubblica Federale di Germania Deutschland $#Germanija $#Federativnaja Respublika Germanija $#FRG $#Deyizhi-Lianbang-Gongheguo $74011882-4 $8Deutschland [Tg1] $9085025550 044K $qDNB $RChirurg $RNeurologe $RNeurochirurgin $#Neurosurgeons $74657659-9 $8Neurochirurg [Ts1] $9101189478 044K $qDNB $RRassismus $RVerfolgung $#Race discrimination $#Discrimination raciale $74176986-7 $8Rassenverfolgung [Ts1] $9085833797 044K $qDNB $RMigration $RInternationale Migration $RAuswanderer $RExil $#Emigration and immigration $#Émigration et immigration $#Auswanderung $#Auswanderung $#Emigration $#Auswanderung/Auswanderer $#Emigration Auswanderung $74003920-1 $8Auswanderung [Ts1] $9085002232 045E $c610 $c943 045F $a617.48092243 $eDDC22ger 045F/01 $a617.48 045F/03 $f0922 045F/03 $g43 045G $a610.94309043 $eDDC23BSB 045G/01 $a610.9 045G/03 $f09043 045G/03 $f0904 045G/03 $g43 045R $aGeschichte 1933-1939 lok: 40366759 3 exp: 40366759 3 1 #EPN 201B/01 $022-05-18 $t09:25:46.000 201C/01 $024-04-18 201U/01 $0utf8 203@/01 $01021403679 208@/01 $a24-04-18 $bzCi 209A/01 $aChir. 120 NS 2017/1 $ds $f060 $hCHIR 120 NS 2017 1 $x00 209C/01 $a2018/32 $h2018 32 244Z/01 $aNeurochirurg $x01 244Z/01 $aJudenverfolgung $x02 244Z/01 $aPolitische Verfolgung $x03 244Z/01 $aBiographie $x04 244Z/01 $aGeschichte 1933-1945 $x05 247C/01 $8601060-x <30/60>Frankfurt, Universität Frankfurt, Dr. Senckenbergisches Institut für Geschichte und Ethik der Medizin $9102598533 lok: 40366759 78 exp: 40366759 78 1 #EPN 201B/01 $012-06-23 $t12:13:21.000 201C/01 $012-06-23 201U/01 $0utf8 203@/01 $01235938719 208@/01 $a12-06-23 $be 209A/01 $a/ $f000 $x00 209A/01 $ab*p $x01 209A/01 $aBetr. u.a. Alice Rosenstein und Ludwig Guttmann $x03 220C/01 $apgar 244Z/01 $#Schlesien $#Schlesien $#Herzogtum Schlesien $#Herzogtum Schlesien Schlesien $#Provinz Schlesien $#Śla̜sk $#Slezsko $#Silesia $74052678-1 $8--Tg1--Schlesien $x02 $9085146781 244Z/01 $#Gutmann, Ludwig $#Guttmann, Ludwig Sir $7129293555 $8--Tp1--Guttmann, Ludwig$Z1899-1980 $x03 $9123234514 244Z/01 $#Rost, Alice E. $7125645805 $8--Tp3--Rosenstein, Alice$Z1898-1991 $x04 $9156220121 247C/01 $82080>Marburg/Lahn, Herder-Institut, Forschungsbibliothek, Bibliographieportal $9336309341 lok: 40366759 106 101B $020-12-21 $t11:49:50.000 101C $020-12-21 101U $0utf8 145Z/01 $aJudenverfolgung/Antijüdische Politik exp: 40366759 106 1 #EPN 201B/01 $020-12-21 $t11:49:50.000 201C/01 $020-12-21 201U/01 $0utf8 203@/01 $01175319775 208@/01 $a20-12-21 $bz 209A/01 $aG 01 131 $ds $f000 $hG 01 0131 $x00 209C/01 $a16266 247C/01 $82508>Frankfurt/M., Bibliothek des Fritz Bauer Instituts zur Geschichte und Wirkung des Holocaust $9403831741 lok: 40366759 204 exp: 40366759 204 1 #EPN 201B/01 $016-11-22 $t07:50:59.000 201C/01 $028-10-19 201U/01 $0utf8 203@/01 $01066400261 208@/01 $a28-10-19 $bz236 209A/01 $aGDM 11 k / E 83 8 $dg $f000 $h236 11 k e 83 8 $x00 209G/01 $a86835274 $x00 209G/01 $ahap11110370 $x01 247C/01 $8631000-x <26>Gießen, Universität Gießen, Universitätsbibliothek Gießen $9102596697 lok: 40366759 205 exp: 40366759 205 1 #EPN 201B/01 $002-02-24 $t10:49:27.000 201C/01 $029-06-17 201U/01 $0utf8 203@/01 $0100290577X 208@/01 $a19-07-17 $bz 209A/01 $a001 XBY Ges.med.92.2017 $db $f000 $x00 209C/01 $a(192) 17/89 209C/01 $a9 2017/00360 209C/01 $anel1707ww 209G/01 $a58058815 $x00 247C/01 $8351000-1 <4>Marburg, Universität Marburg, Universitätsbibliothek $9102594767
| LEADER | 00000cam a2200000 c 4500 | ||
|---|---|---|---|
| 001 | 403667593 | ||
| 003 | DE-603 | ||
| 005 | 20251202130255.0 | ||
| 007 | tu | ||
| 008 | 170525s2017 xx |||| | u00||u|ger | ||
| 015 | |a 17,A23 |z 16,N02 |2 dnb | ||
| 016 | 7 | |2 DE-101 |a 1080833412 | |
| 020 | |a 9783955651428 |c Festeinband : ca. EUR 30.80 (AT), ca. EUR 29.90 (DE) | ||
| 020 | |a 3955651428 | ||
| 024 | 3 | |a 9783955651428 | |
| 035 | |a (DE-599)DNB1080833412 | ||
| 035 | |a (OCoLC)988252066 | ||
| 040 | |a DE-603 |b ger |c DE-603 |d DE-603 |e rda | ||
| 041 | |a ger | ||
| 082 | 0 | 4 | |8 1\u |a 617.48092243 |q DE-101 |2 22/ger |
| 083 | 0 | |8 2\u |a 610.94309043 |q DE-101 |2 23/BSB | |
| 084 | |a 610 |a 943 |q DE-101 |2 sdnb | ||
| 085 | |8 1\u |b 617.48 | ||
| 085 | |8 1\u |z 1 |s 0922 | ||
| 085 | |8 1\u |z 2 |s 43 | ||
| 085 | |8 2\u |b 610.9 | ||
| 085 | |8 2\u |z 1 |s 09043 | ||
| 085 | |8 2\u |z 1 |s 0904 | ||
| 085 | |8 2\u |z 2 |s 43 | ||
| 100 | 1 | |a Eisenberg, Ulrike |d 1965- |e Verfasser |4 aut |0 (DE-603)176829563 |0 (DE-588)131432265 |2 gnd | |
| 245 | 0 | 0 | |a Verraten - vertrieben - vergessen |b Werk und Schicksal nach 1933 verfolgter deutscher Hirnchirurgen |c Ulrike Eisenberg, Hartmut Collmann, Daniel Dubinski |
| 250 | |a 1. Auflage | ||
| 264 | 1 | |a Berlin |b Hentrich & Hentrich |c 2017 | |
| 300 | |a 415 Seiten |b Illustrationen |c 25 cm | ||
| 336 | |a Text |b txt |2 rdacontent | ||
| 337 | |a ohne Hilfsmittel zu benutzen |b n |2 rdamedia | ||
| 338 | |a Band |b nc |2 rdacarrier | ||
| 648 | 7 | |a Geschichte 1933-1939 |2 gnd | |
| 650 | 7 | |a Neurochirurg |0 (DE-588)4657659-9 |0 (DE-603)101189478 |2 gnd | |
| 650 | 7 | |a Rassenverfolgung |0 (DE-588)4176986-7 |0 (DE-603)085833797 |2 gnd | |
| 650 | 7 | |a Auswanderung |0 (DE-588)4003920-1 |0 (DE-603)085002232 |2 gnd | |
| 651 | 7 | |a Deutschland |0 (DE-588)4011882-4 |0 (DE-603)085025550 |2 gnd | |
| 655 | 7 | |a Biografie |2 gnd-content |0 (DE-588)4006804-3 |0 (DE-603)085010375 | |
| 655 | 7 | |a Bibliografie |2 gnd-content |0 (DE-588)4006432-3 |0 (DE-603)085009210 | |
| 700 | 1 | |a Collmann, Hartmut |d 1942- |e Verfasser |4 aut |0 (DE-603)403192129 |0 (DE-588)1132277485 |2 gnd | |
| 700 | 1 | |a Dubinski, Daniel |d 1985- |e Verfasser |4 aut |0 (DE-603)381750949 |0 (DE-588)1104271605 |2 gnd | |
| 787 | 0 | 8 | |i Rezensiert in |a Stahnisch, Frank W., 1968- |t [Ulrike Eisenberg, Hartmut Collmann, and Daniel Dubinski: Verraten – Vertrieben – Vergessen] |w (DE-603)508490421 |
| 856 | 4 | 2 | |m B:DE-101 |q application/pdf |u https://d-nb.info/1080833412/04 |3 Inhaltsverzeichnis |
| 924 | 0 | |9 30/60 |a (DE-603)1021403679 |b DE-30-60 |c HES |d d |g Chir. 120 NS 2017/1 | |
| 924 | 0 | |9 2080 |a (DE-603)1235938719 |b DE-2080 |c HES |d d |g / | |
| 924 | 0 | |9 2508 |a (DE-603)1175319775 |b DE-2508 |c HES |d d |g G 01 131 | |
| 924 | 0 | |9 26 |a (DE-603)1066400261 |b DE-26 |c HES |d d |g GDM 11 k / E 83 8 |h hap11110370 | |
| 924 | 0 | |9 4 |a (DE-603)100290577X |b DE-4 |c HES |d c |g 001 XBY Ges.med.92.2017 | |


